000 00557nam a2200133 a 4500
001 000033615
005 20200930070404.0
008 110901s1823 sp a 000 0 spa d
040 _aDO-SdBNP
_bspa
_cBNPHU
245 0 0 _aCodice diplomatico Colombo-Americano, olsia Raccolta di documenti originali e inediti, spettanti a Cristoforo Colombo alla scoperta ed al Governo dell' America.
260 _aGénova :
_bFonderia ponthenier,
_c1823.
300 _a348 p. :
_bil. ;
_c27 cm.
700 1 _aPubblicato per ordine degl' Ill. Decurioni della citta di Genova.
_959092
999 _c33106
_d33106